Personality in middle and late life ; empirical studies /

Bibliographic Details
Main Author: Neugarten, Bernice L., 1916-2001
Format: Book
Language:English
Published: New York : Atherton Press, 1964.
Series:Atherton Press behavioral science series.
Subjects:

MARC

Tag First Indicator Second Indicator Subfields
LEADER 00000cam a2200000 4500
001 in00000052013
005 20151007080247.0
008 741223s1964 eng u
010 |a  64021442  
035 |a (OCoLC)01122846 
035 |9 AAF4509AM 
040 |c CSU  |d TXA  |d UtOrBLW 
049 |a TXAM  |c [474992] 
090 |a BF724.6  |b .N42 
092 |a 155.6  |b N484p 
100 1 |a Neugarten, Bernice L.,  |d 1916-2001. 
245 1 0 |a Personality in middle and late life ;  |b empirical studies /  |c [by] Bernice L. Neugarten in collaboration with Howard Berkowitz [and others]. 
264 1 |a New York :  |b Atherton Press,  |c 1964. 
300 |a xxi, 231 pages :  |b illustrations ;  |c 22 cm. 
336 |a text  |b txt  |2 rdacontent 
337 |a unmediated  |b n  |2 rdamedia 
338 |a volume  |b nc  |2 rdacarrier 
490 1 |a The Atherton Press behavioral science series 
504 |a Bibliography: pages [221]-225. 
650 0 |a Middle age. 
650 0 |a Old age. 
650 0 |a Personality. 
830 0 |a Atherton Press behavioral science series. 
999 |a MARS 
999 f f |s 42e721e8-c880-356c-aa19-fc0790063c16  |i 952b598d-0d4a-3c5a-bf27-4ee203bd859d  |t 0 
952 f f |p ric  |a Texas A&M University  |b Rellis Campus  |c Joint Library Facility  |d Remote Storage  |t 0  |e BF724.6 .N42  |h Library of Congress classification  |i unmediated -- volume  |m A14800527677 
998 f f |a BF724.6 .N42  |t 0  |l Remote Storage